| 000 | 00958nam0a22002651 4500 | ||
|---|---|---|---|
| 001 | rc\2779064 | ||
| 005 | 20250806211155.0 | ||
| 035 | _a(NLR Aleph) 006905315 | ||
| 090 |
_a33036 _c33036 |
||
| 100 | _a20110915d1942 u y0rusy50 ca | ||
| 101 | 0 | _arus | |
| 102 | _aRU | ||
| 105 | _aa z ||||| | ||
| 200 | 1 |
_aТуберкулез и борьба с ним _fВ. И. Зюзин _gКазахский туберкулезный ин-т |
|
| 205 | _a3-е изд. | ||
| 210 |
_aАлма-Ата _cКазтубинститут _d1942 |
||
| 215 |
_a70, [2] с. _cтабл. _d15 см. |
||
| 700 | 1 |
_aЗюзин _bВ.И. _f1896- _gВасилий Иванович |
|
| 801 | 0 |
_aRU _bNLR _gpsbo |
|
| 801 | 1 |
_aRU _bELAR _2rusmarc |
|
| 852 |
_aNLR _jМд30 Г-2/30 |
||
| 942 | _cBOOK | ||
| 945 |
_aРоссийская национальная библиотека _aНациональная библиотека Республики Казахстан |
||
| 980 | _aNB | ||
| 980 | _aBV | ||